Lyrics to 'Date La Vuelta' by Morat - Statistics

General Stats
  • This quiz has been taken 46 times
  • The average score is 247 of 249
Answer Stats
Answer % Correct
a
100%
acostumbrado
100%
adoras
100%
agarraste
100%
amor
100%
andas
100%
aunque
100%
bien
100%
bien?
100%
busca
100%
callada
100%
cansada
100%
cerró
100%
ciego
100%
conformarte
100%
corazón
100%
crees
100%
cuando
100%
daño
100%
Date
100%
de
100%
Debe
100%
debes
100%
déjalo
100%
dentro
100%
dices
100%
digas
100%
donde
100%
duela
100%
duele
100%
dueños
100%
el
100%
Él
100%
en
100%
En
100%
engaño
100%
entre
100%
equivocarte
100%
equivocó
100%
es
100%
Es
100%
esa
100%
estás
100%
estrellar
100%
existen
100%
falta
100%
fuera
100%
haciendo
100%
has
100%
herida
100%
importa
100%
indiscreto
100%
intento
100%
la
100%
le
100%
llora
100%
lo
100%
Lo
100%
me
100%
menos
100%
miedo
100%
mucho
100%
no
100%
No
100%
nunca
100%
Pasa
100%
perdida
100%
Perdón
100%
Pero
100%
por
100%
Porque
100%
primero
100%
Puede
100%
que
100%
¿Qué
100%
quiera
100%
quiere
100%
sanar
100%
se
100%
secreto
100%
ser
100%
si
100%
100%
sigue
100%
sincero
100%
solo
100%
sufrimiento
100%
Tal
100%
tal
100%
te
100%
tener
100%
Tengo
100%
tiempo
100%
100%
tu
100%
Tu
100%
100%
un
100%
vas
100%
vez
100%
vuelta
100%
Y
100%
y
100%
ya
100%
Ya
100%
aguantar
83%
como
83%
dejar
83%
querer
83%
quererse
83%
sentirse
83%
sueño
83%
también
83%
veces
83%
ver?
50%
No matching quizzes found
Score Distribution
Percent of People with Each Score
Percentile by Number Answered
Your Score History
You have not taken this quiz